000 00954cam a22002054a 4500
005 20250605164118.0
008 250528s ||||||||||||||||||||||||d
035 _a18146
020 _a9604052489
040 _aGR-AtMCL
_bgre
_dGR-AtMCL
_eAACR2
245 1 _aStandard Pascal / Προγραμματισμος,Αρχεια
260 _bΊων,
_c1990
300 _a416
520 _aΤο βιβλίο αυτό αναφέρεται στην κλασσική έκδοση της γλώσσας PASCAL. Γενικά για Γλώσσα PASCAL, Εντολές Pascal, Εντολές υπό όρους, Άλλοι Τύποι Μεταβλητών, Συναρτήσεις και Διαδικασίες και Functions και Procedures, Αρχεία, Δυναμικές Δομές Δεδομένων.
700 1 _aΑτματζιδης Απ
_94432
700 1 _aΓλαμπεδακης Μ
_91526
942 _cBK
999 _c3527
_d3527